[Event "BRA-ch U2000 Amateurs"]
[Site "Sao Paulo"]
[Date "2022.06.17"]
[Round "4"]
[White "Pomar, Marcelo Nascimento"]
[Black "Itagyba, Renan Fortes"]
[Result "1-0"]
[WhiteElo "1963"]
[BlackElo "1767"]
[PlyCount "72"]
[EventDate "2022.06.16"]
[EventType "swiss"]
[EventRounds "7"]
[EventCountry "BRA"]
[SourceTitle "CBM 208 Extra"]
[Source "ChessBase"]
[SourceDate "2022.07.31"]
[SourceVersion "1"]
[SourceVersionDate "2022.07.31"]
[SourceQuality "1"]

1. e4 c5 2. Nf3 Nc6 3. d4 cxd4 4. Nxd4 Nf6 5. Nc3 d6 6. g3 g6 7. Bg2 Bg7 8. Nxc6 bxc6 9. e5 Nd5 10. Nxd5 cxd5 11. Bxd5 Rb8 12. exd6 Qxd6 13. 0-0 0-0 14. Qf3 Bf5 15. c3 h5 16. Bb3 Qc7 17. Bf4 Be5 18. Bxe5 Qxe5 19. Rfe1 Qc7 20. Qe3 e6 21. Rad1 Rfd8 22. Rxd8+ Rxd8 23. Rd1 Rxd1+ 24. Bxd1 a5 25. Bf3 Bh3 26. Qd4 Qb8 27. b3 Qb5 28. Bg2 Bf5 29. Qd2 e5 30. c4 Qc5 31. h4 e4 32. Qe3 Qe5 33. Kh2 Qb2 34. a4 Qc2 35. Bh3 Qd1 36. Kg2 Qd3 1-0

[Event "BRA-ch 87th"]
[Site "Cuiaba"]
[Date "2021.10.29"]
[Round "3"]
[White "Pomar, Marcelo Nascimento"]
[Black "Franca, Jairo Jr"]
[Result "0-1"]
[WhiteElo "1947"]
[BlackElo "1755"]
[PlyCount "40"]
[EventDate "2021.10.28"]
[EventType "swiss"]
[EventRounds "11"]
[EventCountry "BRA"]
[SourceTitle "CBM 205 Extra"]
[Source "ChessBase"]
[SourceDate "2022.01.31"]
[SourceVersion "1"]
[SourceVersionDate "2022.01.31"]
[SourceQuality "1"]

1. d4 Nf6 2. Nc3 d5 3. Bg5 e6 4. e4 Be7 5. e5 Nfd7 6. Bxe7 Kxe7 7. Qg4 Kf8 8. f4 h5 9. Qh3 c5 10. Nf3 Nc6 11. 0-0-0 cxd4 12. Nxd4 Nxd4 13. Rxd4 a6 14. Be2 g6 15. g4 h4 16. Bd3 Nc5 17. Rd1 Qe7 18. Kb1 Kg7 19. f5 exf5 20. Nxd5 Qxe5 0-1

[Event "BRA-ch 87th"]
[Site "Cuiaba"]
[Date "2021.10.28"]
[Round "1"]
[White "Pomar, Marcelo Nascimento"]
[Black "Dos Cinta Larga, Carlos Eduardo"]
[Result "1-0"]
[WhiteElo "1947"]
[BlackElo "1742"]
[PlyCount "79"]
[EventDate "2021.10.28"]
[EventType "swiss"]
[EventRounds "11"]
[EventCountry "BRA"]
[SourceTitle "CBM 205 Extra"]
[Source "ChessBase"]
[SourceDate "2022.01.31"]
[SourceVersion "1"]
[SourceVersionDate "2022.01.31"]
[SourceQuality "1"]

1. e4 e6 2. d4 d5 3. Nc3 c5 4. exd5 exd5 5. Bb5+ Bd7 6. Qe2+ Ne7 7. dxc5 Bxb5 8. Nxb5 Qd7 9. Nd6+ Kd8 10. Nxf7+ Kc8 11. Nd6+ Kc7 12. Bf4 Nbc6 13. 0-0-0 Ng6 14. Bg3 Bxd6 15. Bxd6+ Kc8 16. Nf3 Re8 17. Qd2 b6 18. Qxd5 bxc5 19. Qxc5 a5 20. Rd3 a4 21. Rc3 Ra6 22. Qb5 Qb7 23. Qd5 Nge7 24. Bxe7 Rxe7 25. Rd1 Kb8 26. Qd6+ Rc7 27. Qf8+ Rc8 28. Qf4+ Ka8 29. Ne5 Rb8 30. b3 axb3 31. Rxb3 Rb6 32. Qa4+ Na7 33. Rd7 Qa6 34. Qxa6 Rxa6 35. Rxb8+ Kxb8 36. Rxg7 Rxa2 37. f4 Nb5 38. Nc6+ Kc8 39. f5 Na3 40. Nb4 1-0

[Event "Santa Catarina State-ch 65th"]
[Site "Rio Negrinho"]
[Date "2021.07.25"]
[Round "6"]
[White "Silva, Guilherme Henrique"]
[Black "Pomar, Marcelo Nascimento"]
[Result "1-0"]
[WhiteElo "1769"]
[BlackElo "1978"]
[PlyCount "61"]
[EventDate "2021.07.22"]
[EventType "swiss"]
[EventRounds "7"]
[EventCountry "BRA"]
[SourceTitle "EXT 2022"]
[Source "ChessBase"]
[SourceDate "2021.10.06"]
[SourceVersion "1"]
[SourceVersionDate "2021.10.06"]
[SourceQuality "1"]

1. e4 e5 2. Nf3 Nc6 3. Bc4 Nf6 4. Ng5 d5 5. exd5 Na5 6. Bb5+ c6 7. dxc6 bxc6 8. Bd3 Nd5 9. Nf3 Nf4 10. Bf1 Bd6 11. d3 0-0 12. Bxf4 exf4 13. Be2 g5 14. Nfd2 Re8 15. 0-0 f5 16. h3 Rb8 17. Nb3 g4 18. Nxa5 f3 19. Bxf3 gxf3 20. Nxc6 Qc7 21. Qxf3 Bb7 22. Qd5+ Kg7 23. Qd4+ Kg8 24. Qd5+ Kg7 25. Qd4+ Kg8 26. Nxb8 Rxb8 27. Qc4+ Qxc4 28. dxc4 Be4 29. Nc3 Bxc2 30. b3 Be5 31. Rac1 1-0

[Event "Santa Catarina State-ch 65th"]
[Site "Rio Negrinho"]
[Date "2021.07.24"]
[Round "5"]
[White "Pomar, Marcelo Nascimento"]
[Black "Melo, Sergio Roberto Samp"]
[Result "1-0"]
[WhiteElo "1978"]
[BlackElo "1640"]
[PlyCount "77"]
[EventDate "2021.07.22"]
[EventType "swiss"]
[EventRounds "7"]
[EventCountry "BRA"]
[SourceTitle "EXT 2022"]
[Source "ChessBase"]
[SourceDate "2021.10.06"]
[SourceVersion "1"]
[SourceVersionDate "2021.10.06"]
[SourceQuality "1"]

1. e4 e6 2. d4 d5 3. Nc3 Bb4 4. e5 c5 5. Bd2 cxd4 6. Nb5 Bf8 7. f4 Nc6 8. Nf3 a6 9. Nbxd4 Nge7 10. Bd3 Nxd4 11. Nxd4 Nc6 12. Nb3 Be7 13. 0-0 g6 14. a4 0-0 15. Kh1 f6 16. exf6 Bxf6 17. c3 e5 18. fxe5 Nxe5 19. Be2 Nc4 20. Bh6 Re8 21. Bf3 Be6 22. Nc5 Nxb2 23. Nxe6 Nxd1 24. Nxd8 Nxc3 25. Nxb7 Bg7 26. Bxg7 Kxg7 27. Ra3 Ne4 28. Bxe4 dxe4 29. Nd6 Re6 30. Nc4 Rd8 31. h3 Rd4 32. Ne3 Rd3 33. Rfa1 Rd4 34. Kg1 Rd2 35. R1a2 Rd4 36. Kf2 Red6 37. Ke2 h5 38. a5 Kf6 39. Ra4 1-0

[Event "Timbo op"]
[Site "Timbo"]
[Date "2021.02.19"]
[Round "2"]
[White "Da Costa, Mariana Nara Santan"]
[Black "Pomar, Marcelo Nascimento"]
[Result "0-1"]
[WhiteElo "1242"]
[BlackElo "1989"]
[PlyCount "52"]
[EventDate "2021.02.19"]
[EventType "swiss"]
[EventRounds "6"]
[EventCountry "BRA"]
[SourceTitle "EXT 2022"]
[Source "ChessBase"]
[SourceDate "2021.10.06"]
[SourceVersion "1"]
[SourceVersionDate "2021.10.06"]
[SourceQuality "1"]

1. d4 Nf6 2. c4 e6 3. Nc3 Bb4 4. Bd2 c5 5. Nf3 Nc6 6. dxc5 Bxc5 7. e3 0-0 8. Be2 a6 9. 0-0 Qc7 10. h3 b6 11. a3 Bb7 12. Na4 Be7 13. Qb3 Bd8 14. c5 bxc5 15. Nxc5 Bc8 16. Qa4 Qb6 17. b4 d6 18. Nd3 Bb7 19. Rfc1 e5 20. Nb2 d5 21. Ne1 Ne4 22. Rd1 Bh4 23. g3 Bxg3 24. fxg3 Nxd2 25. Ng2 Ne4 26. Rxd5 Nc5 0-1

[Event "Santa Catarina-ch 64th "]
[Site "Lages"]
[Date "2020.02.14"]
[Round "2"]
[White "Pomar, Marcelo Nascimento"]
[Black "Martins, Henrique Da Cunha"]
[Result "0-1"]
[WhiteElo "2019"]
[BlackElo "1520"]
[PlyCount "56"]
[EventDate "2020.02.14"]
[EventType "swiss"]
[EventRounds "6"]
[EventCountry "BRA"]
[SourceTitle "CBM 195 Extra"]
[Source "ChessBase"]
[SourceDate "2020.05.31"]
[SourceVersion "1"]
[SourceVersionDate "2020.05.31"]
[SourceQuality "1"]

1. e4 c5 2. Nf3 d6 3. d4 cxd4 4. Nxd4 Nf6 5. Nc3 a6 6. g3 b5 7. Bg2 Bb7 8. 0-0 e6 9. Qe2 Be7 10. b3 Nbd7 11. Bb2 Rc8 12. a3 0-0 13. Rad1 Rc7 14. Rd2 Qa8 15. f3 Rfc8 16. Nd1 g6 17. b4 Nb6 18. Ne3 Qa7 19. Kh1 e5 20. Nb3 Nc4 21. Nd1 Nxd2 22. Qxd2 Rxc2 23. Qh6 Re2 24. Nc1 Rcc2 25. Nd3 Bf8 26. Qg5 Bg7 27. Ne1 h6 28. Qh4 Rcd2 0-1

[Event "BRA-ch Amateur U2200"]
[Site "Sao Paulo"]
[Date "2019.06.22"]
[Round "5"]
[White "Januario, Severino Pereira"]
[Black "Pomar, Marcelo Nascimento"]
[Result "1/2-1/2"]
[WhiteElo "2135"]
[BlackElo "2019"]
[PlyCount "63"]
[EventDate "2019.06.20"]
[EventType "swiss"]
[EventRounds "7"]
[EventCountry "BRA"]
[SourceTitle "EXT 2020"]
[Source "ChessBase"]
[SourceDate "2019.10.17"]
[SourceVersion "1"]
[SourceVersionDate "2019.10.17"]
[SourceQuality "1"]

1. e4 e5 2. Nf3 Nc6 3. Bb5 a6 4. Ba4 Nf6 5. 0-0 Be7 6. Re1 b5 7. Bb3 0-0 8. a4 Bb7 9. c3 d6 10. d4 h6 11. Nbd2 Re8 12. Nf1 Bf8 13. Ng3 g6 14. h3 Bg7 15. d5 Ne7 16. Be3 Rf8 17. Nh2 Kh7 18. f4 exf4 19. Bxf4 Nd7 20. axb5 axb5 21. Qd2 Ne5 22. Qe2 Qd7 23. Nf3 Nxf3+ 24. Qxf3 b4 25. Qd3 bxc3 26. bxc3 Rfb8 27. Bc2 Qc8 28. Rxa8 Rxa8 29. c4 Ra1 30. Rxa1 Bxa1 31. Be3 Qd8 32. h4 1/2-1/2

[Event "BRA-ch Amateur U2200"]
[Site "Sao Paulo"]
[Date "2019.06.21"]
[Round "3"]
[White "Carvalho, Felipe Lobo C"]
[Black "Pomar, Marcelo Nascimento"]
[Result "1-0"]
[WhiteElo "2105"]
[BlackElo "2019"]
[PlyCount "101"]
[EventDate "2019.06.20"]
[EventType "swiss"]
[EventRounds "7"]
[EventCountry "BRA"]
[SourceTitle "EXT 2020"]
[Source "ChessBase"]
[SourceDate "2019.10.17"]
[SourceVersion "1"]
[SourceVersionDate "2019.10.17"]
[SourceQuality "1"]

1. d4 Nf6 2. Bf4 d5 3. e3 c5 4. c3 Nc6 5. Nd2 e6 6. Ngf3 Bd6 7. Bxd6 Qxd6 8. Bb5 0-0 9. 0-0 a6 10. Bxc6 bxc6 11. Ne5 Nd7 12. f4 f6 13. Nxd7 Bxd7 14. Nb3 cxd4 15. cxd4 e5 16. Qc2 Rae8 17. Nc5 Bc8 18. Qd3 exf4 19. Rxf4 Re7 20. Raf1 Rfe8 21. R4f3 a5 22. h3 Qb8 23. Qb3 Qxb3 24. axb3 Rxe3 25. Rxe3 Rxe3 26. Kf2 Re7 27. Ra1 Bf5 28. Rxa5 Bg6 29. Ra8+ Re8 30. Rxe8+ Bxe8 31. Ke3 Kf8 32. Kd3 Ke7 33. Kc3 h5 34. h4 g5 35. g3 Bg6 36. Kd2 Kd6 37. b4 gxh4 38. gxh4 Be4 39. Ke3 f5 40. Kf4 Bc2 41. Kg5 Be4 42. Kxh5 f4 43. Kg4 f3 44. Kg3 Bh7 45. Kxf3 Kc7 46. Na4 Kd6 47. Kf4 Ke6 48. Kg5 Kf7 49. Nc3 Bd3 50. h5 Bc2 51. b5 1-0

[Event "Santa Catarina State-ch 63rd"]
[Site "Timbo"]
[Date "2019.06.09"]
[Round "6"]
[White "Pomar, Marcelo Nascimento"]
[Black "Martins, Arthur Francisco"]
[Result "1-0"]
[WhiteElo "2019"]
[BlackElo "1617"]
[PlyCount "69"]
[EventDate "2019.06.07"]
[EventType "swiss"]
[EventRounds "6"]
[EventCountry "BRA"]
[SourceTitle "EXT 2020"]
[Source "ChessBase"]
[SourceDate "2019.10.17"]
[SourceVersion "1"]
[SourceVersionDate "2019.10.17"]
[SourceQuality "1"]

1. Nf3 Nf6 2. g3 g6 3. c4 c5 4. Bg2 Bg7 5. 0-0 0-0 6. d4 d6 7. Nc3 Nbd7 8. d5 Nb6 9. Nd2 Bf5 10. e4 Bg4 11. Qb3 Qc8 12. a4 Bh3 13. a5 Bxg2 14. Kxg2 Nbd7 15. f4 Ng4 16. Nf3 f5 17. Ng5 Bh8 18. Re1 h6 19. Ne6 Rf7 20. exf5 gxf5 21. h3 Ngf6 22. Qc2 Nh5 23. g4 Bxc3 24. Qxc3 fxg4 25. hxg4 Ng7 26. Qh3 Nf6 27. Kf3 Nxe6 28. Rxe6 Qf8 29. Bd2 Qg7 30. f5 Nh7 31. Qxh6 Raf8 32. Rg6 Qxg6 33. Qxg6+ Rg7 34. Qe6+ Rgf7 35. Rh1 1-0

[Event "Santa Catarina State-ch 63rd"]
[Site "Timbo"]
[Date "2019.06.08"]
[Round "3"]
[White "Pomar, Marcelo Nascimento"]
[Black "Umetsubo, Cesar Hidemitsu"]
[Result "0-1"]
[WhiteElo "2019"]
[BlackElo "2411"]
[PlyCount "112"]
[EventDate "2019.06.07"]
[EventType "swiss"]
[EventRounds "6"]
[EventCountry "BRA"]
[SourceTitle "EXT 2020"]
[Source "ChessBase"]
[SourceDate "2019.10.17"]
[SourceVersion "1"]
[SourceVersionDate "2019.10.17"]
[SourceQuality "1"]

1. e4 e5 2. Nf3 Nc6 3. Bb5 a6 4. Ba4 Nf6 5. 0-0 Nxe4 6. d4 b5 7. Bb3 d5 8. dxe5 Be6 9. Nbd2 Nc5 10. c3 Nxb3 11. Nxb3 Be7 12. Nfd4 Nxd4 13. cxd4 a5 14. Qc2 Qd7 15. Bd2 Bf5 16. Qc1 a4 17. Nc5 Qc6 18. Bb4 Qg6 19. Qe3 0-0 20. f4 h5 21. Rac1 Rfe8 22. a3 Rab8 23. Rc3 Rb6 24. Rfc1 h4 25. h3 Bxc5 26. Rxc5 Be4 27. Qf2 Qh5 28. Rc6 Re6 29. Rxb6 cxb6 30. Kh2 Rg6 31. Rg1 Rg3 32. Be7 f6 33. exf6 Kf7 34. f5 gxf6 35. Bd6 Rg8 36. Bc7 Qg5 37. Bf4 Qxf5 38. Qxh4 Rc8 39. Rc1 Rxc1 40. Bxc1 Qf1 41. Qh5+ Ke7 42. Qg4 Qxc1 43. Qg7+ Ke6 44. Qg8+ Kd7 45. Qf7+ Kc8 46. Qxf6 Qc2 47. Qe6+ Kb7 48. Qf7+ Qc7+ 49. Qxc7+ Kxc7 50. g4 b4 51. axb4 Kc6 52. h4 Kb5 53. h5 Kxb4 54. g5 Kb3 55. Kg3 Kxb2 56. g6 a3 0-1

[Event "Concordia op 5th"]
[Site "Concordia"]
[Date "2019.05.04"]
[Round "7"]
[White "Pomar, Marcelo Nascimento"]
[Black "Fante, Gabriel"]
[Result "1-0"]
[WhiteElo "2032"]
[BlackElo "1584"]
[PlyCount "89"]
[EventDate "2019.05.01"]
[EventType "swiss"]
[EventRounds "9"]
[EventCountry "BRA"]
[SourceTitle "CBM 190 Extra"]
[Source "ChessBase"]
[SourceDate "2019.07.15"]
[SourceVersion "1"]
[SourceVersionDate "2019.07.15"]
[SourceQuality "1"]

1. Nf3 Nf6 2. g3 g6 3. Bg2 Bg7 4. c4 0-0 5. Nc3 c5 6. d4 Re8 7. 0-0 Na6 8. e4 d6 9. h3 Rb8 10. Be3 b6 11. Qd2 Bb7 12. d5 Nc7 13. Rad1 a6 14. a4 Ba8 15. Qd3 Nd7 16. Rfe1 Rf8 17. Nh4 f6 18. f4 Qe8 19. Nf3 Rb7 20. h4 Rf7 21. Bh3 Nf8 22. Bf2 b5 23. axb5 axb5 24. b3 bxc4 25. bxc4 Rb4 26. Rb1 Na6 27. Nb5 Qb8 28. Ra1 Bb7 29. Re2 h6 30. Be1 f5 31. e5 Nc7 32. Bxb4 Nxb5 33. Bxc5 dxc5 34. cxb5 Nd7 35. Bg2 Rf8 36. Nd2 Nxe5 37. fxe5 Bxe5 38. Rxe5 Qxe5 39. Ra7 Bc8 40. Nc4 Qe1+ 41. Kh2 Rf7 42. Rc7 Rg7 43. Rxc8+ Kh7 44. b6 f4 45. b7 1-0

[Event "Concordia op 5th"]
[Site "Concordia"]
[Date "2019.05.03"]
[Round "5"]
[White "Pomar, Marcelo Nascimento"]
[Black "Rodrigues, Edgar"]
[Result "0-1"]
[WhiteElo "2032"]
[BlackElo "2325"]
[PlyCount "82"]
[EventDate "2019.05.01"]
[EventType "swiss"]
[EventRounds "9"]
[EventCountry "BRA"]
[SourceTitle "CBM 190 Extra"]
[Source "ChessBase"]
[SourceDate "2019.07.15"]
[SourceVersion "1"]
[SourceVersionDate "2019.07.15"]
[SourceQuality "1"]

1. e4 e6 2. d4 d5 3. Nc3 Nf6 4. e5 Nfd7 5. f4 c5 6. Nf3 Nc6 7. Be3 a6 8. Qd2 b5 9. Qf2 Qa5 10. Be2 b4 11. Nd1 b3+ 12. Nc3 bxc2 13. Rc1 Rb8 14. Rxc2 Be7 15. 0-0 0-0 16. dxc5 f6 17. Nxd5 exd5 18. e6 Nb4 19. Rc3 Qxa2 20. exd7 Bxd7 21. Bd4 Qa5 22. Ra3 Qc7 23. Bxa6 Nxa6 24. Rxa6 Bb5 25. Rfa1 Bxa6 26. Rxa6 Qxf4 27. Qe1 Qe4 28. Re6 Qxe1+ 29. Nxe1 Kf7 30. Re2 Rfe8 31. Kf1 Rb4 32. Nc2 Rb3 33. Ne3 Rc8 34. Nxd5 Bxc5 35. Bc3 Rd8 36. Rd2 Ba7 37. Ke2 Rb5 38. Nf4 Rxd2+ 39. Kxd2 Bb8 40. Ne2 Bxh2 41. Nd4 Rg5 0-1

[Event "Joao Batista Ribeiro Neto Cup"]
[Site "Florianopolis"]
[Date "2017.06.25"]
[Round "5"]
[White "Feller, Gabriela Luisa Vice"]
[Black "Pomar, Marcelo Nascimento"]
[Result "1-0"]
[WhiteElo "1587"]
[BlackElo "2069"]
[PlyCount "127"]
[EventDate "2017.06.23"]
[EventType "swiss"]
[EventRounds "6"]
[EventCountry "BRA"]
[SourceTitle "EXT 2018"]
[Source "ChessBase"]
[SourceDate "2017.10.13"]
[SourceVersion "1"]
[SourceVersionDate "2017.10.13"]
[SourceQuality "1"]

1. d4 Nf6 2. c4 e6 3. Nf3 Bb4+ 4. Nbd2 b6 5. a3 Bxd2+ 6. Qxd2 Ne4 7. Qc2 Bb7 8. e3 0-0 9. Bd3 f5 10. b4 d6 11. Bb2 Nd7 12. 0-0 Qe7 13. Nd2 Nxd2 14. Qxd2 Qh4 15. f3 Rf6 16. g3 Qh5 17. d5 e5 18. Rae1 Raf8 19. Qg2 Qf7 20. f4 Qe7 21. e4 fxe4 22. Qxe4 Rh6 23. fxe5 Rxf1+ 24. Bxf1 Nxe5 25. Bxe5 Qxe5 26. Qxe5 dxe5 27. Rxe5 Kf8 28. Be2 Bc8 29. h4 Rf6 30. Kg2 Bd7 31. Re3 Rd6 32. Kf3 b5 33. Ke4 bxc4 34. Bxc4 h6 35. Bb3 Rg6 36. Ke5 Ke7 37. Rc3 Kd8 38. Rf3 Ke7 39. Bc2 Rd6 40. Bf5 Rf6 41. Ke4 Ba4 42. Re3 Kd8 43. Ke5 Rd6 44. Be6 Be8 45. Rf3 Ke7 46. Kd4 Ra6 47. Kc5 Rd6 48. b5 Bg6 49. a4 Be8 50. a5 Bg6 51. g4 Be8 52. h5 Rd8 53. b6 cxb6+ 54. axb6 axb6+ 55. Kxb6 Kd6 56. Rf8 Ke7 57. Rg8 Kf6 58. Kc7 Ra8 59. Bf5 Ra7+ 60. Kb8 Bf7 61. Kxa7 Bxg8 62. d6 Kf7 63. Kb7 Ke8 64. Kc7 1-0

[Event "Joao Batista Ribeiro Neto Cup"]
[Site "Florianopolis"]
[Date "2017.06.23"]
[Round "2"]
[White "Pomar, Marcelo Nascimento"]
[Black "Umetsubo, Cesar Hidemitsu"]
[Result "0-1"]
[WhiteElo "2069"]
[BlackElo "2381"]
[PlyCount "98"]
[EventDate "2017.06.23"]
[EventType "swiss"]
[EventRounds "6"]
[EventCountry "BRA"]
[SourceTitle "EXT 2018"]
[Source "ChessBase"]
[SourceDate "2017.10.13"]
[SourceVersion "1"]
[SourceVersionDate "2017.10.13"]
[SourceQuality "1"]

1. e4 c5 2. Nf3 a6 3. g3 d6 4. Bg2 Nf6 5. d3 g6 6. 0-0 Bg7 7. c3 0-0 8. Qe2 Nc6 9. h3 e5 10. a4 h6 11. Na3 d5 12. exd5 Nxd5 13. Nc4 Re8 14. Nfd2 Be6 15. Ne4 Qe7 16. Be3 Nxe3 17. Qxe3 Bf8 18. Ned6 Red8 19. Nxb7 Qxb7 20. Na5 Nxa5 21. Bxb7 Nxb7 22. Qxe5 Rac8 23. Kh2 Rd5 24. Qe2 Bd6 25. Rfd1 Rh5 26. Qe4 Na5 27. h4 Bd5 28. Qg4 Rf5 29. f4 Nb3 30. Ra3 Re8 31. c4 h5 32. Qxf5 Re2+ 33. Kg1 gxf5 34. Rxb3 Bf3 35. d4 Rg2+ 36. Kf1 Bxd1 37. Rb6 Rd2 38. Rxd6 Rxd4 39. Rxa6 Rxc4 40. a5 Ra4 41. Ke1 Bf3 42. Kd2 Kf8 43. Kc3 Bd5 44. Rh6 Rxa5 45. Rxh5 Be6 46. Rh8+ Kg7 47. Rb8 Ra1 48. Rb5 c4 49. g4 fxg4 0-1

[Event "Florianopolis-ch 65th"]
[Site "Florianopolis"]
[Date "2017.02.15"]
[Round "6"]
[White "Mafra, Kaiser Luiz"]
[Black "Pomar, Marcelo Nascimento"]
[Result "1/2-1/2"]
[WhiteElo "2122"]
[BlackElo "2055"]
[PlyCount "20"]
[EventDate "2017.02.10"]
[EventType "tourn"]
[EventRounds "7"]
[EventCountry "BRA"]
[SourceTitle "CBM 176 Extra"]
[Source "ChessBase"]
[SourceDate "2017.03.02"]
[SourceVersion "1"]
[SourceVersionDate "2017.03.02"]
[SourceQuality "1"]

1. e4 c5 2. Nf3 d6 3. d4 cxd4 4. c3 Nf6 5. Bd3 dxc3 6. 0-0 Nc6 7. Nxc3 g6 8. Qe2 Bg7 9. Rd1 Ng4 10. Bb5 0-0 1/2-1/2

[Event "Florianopolis-ch 65th"]
[Site "Florianopolis"]
[Date "2017.02.14"]
[Round "5"]
[White "Pomar, Marcelo Nascimento"]
[Black "Da Cruz, Karoliny Taiane"]
[Result "1-0"]
[WhiteElo "2055"]
[BlackElo "1764"]
[PlyCount "41"]
[EventDate "2017.02.10"]
[EventType "tourn"]
[EventRounds "7"]
[EventCountry "BRA"]
[SourceTitle "CBM 176 Extra"]
[Source "ChessBase"]
[SourceDate "2017.03.02"]
[SourceVersion "1"]
[SourceVersionDate "2017.03.02"]
[SourceQuality "1"]

1. e4 e5 2. Nf3 Nc6 3. d4 exd4 4. Nxd4 Bc5 5. Nxc6 Qf6 6. f4 Qxc6 7. Nc3 b6 8. Bb5 Qe6 9. Qe2 Bb7 10. Bc4 Qh6 11. Bd2 Nf6 12. 0-0-0 0-0-0 13. e5 Rde8 14. Bxf7 Re7 15. Qc4 Ng4 16. Rde1 Bxg2 17. Bd5 Bxd5 18. Nxd5 Ree8 19. b4 Qc6 20. bxc5 b5 21. Qd4 1-0

[Event "Florianopolis-ch 65th"]
[Site "Florianopolis"]
[Date "2017.02.13"]
[Round "4"]
[White "Moro, Antonio Renato Pere"]
[Black "Pomar, Marcelo Nascimento"]
[Result "0-1"]
[WhiteElo "1941"]
[BlackElo "2055"]
[PlyCount "78"]
[EventDate "2017.02.10"]
[EventType "tourn"]
[EventRounds "7"]
[EventCountry "BRA"]
[SourceTitle "CBM 176 Extra"]
[Source "ChessBase"]
[SourceDate "2017.03.02"]
[SourceVersion "1"]
[SourceVersionDate "2017.03.02"]
[SourceQuality "1"]

1. d4 Nf6 2. c4 e6 3. Nc3 Bb4 4. Qc2 0-0 5. e3 b6 6. Nf3 Bb7 7. Bd3 d5 8. 0-0 Nbd7 9. a3 Bxc3 10. Qxc3 dxc4 11. Bxc4 c5 12. Rd1 Qc7 13. Be2 Rac8 14. b3 Ne4 15. Qb2 Rfd8 16. Bd2 cxd4 17. Nxd4 e5 18. Rac1 Ndc5 19. Nf3 Nxd2 20. Nxd2 Qe7 21. b4 Nd3 22. Bxd3 Rxd3 23. Rxc8+ Bxc8 24. Qc2 Qd8 25. Rc1 Be6 26. h3 Rxd2 27. Qc3 f6 28. Qc6 Qd7 29. Qa8+ Kf7 30. Qf3 g6 31. e4 Rd3 32. Qe2 b5 33. Rc5 Bc4 34. Qc2 Qd4 35. Rc7+ Kg8 36. Rc8+ Kg7 37. Rc7+ Kh6 38. Kh2 Rd2 39. Qc1 Qxf2 0-1

[Event "Florianopolis-ch 65th"]
[Site "Florianopolis"]
[Date "2017.02.12"]
[Round "3"]
[White "Goncalves, Davi Sulzbacher"]
[Black "Pomar, Marcelo Nascimento"]
[Result "1-0"]
[WhiteElo "2221"]
[BlackElo "2055"]
[PlyCount "89"]
[EventDate "2017.02.10"]
[EventType "tourn"]
[EventRounds "7"]
[EventCountry "BRA"]
[SourceTitle "CBM 176 Extra"]
[Source "ChessBase"]
[SourceDate "2017.03.02"]
[SourceVersion "1"]
[SourceVersionDate "2017.03.02"]
[SourceQuality "1"]

1. d4 Nf6 2. c4 e6 3. Nf3 Bb4+ 4. Bd2 Qe7 5. g3 Nc6 6. Nc3 Bxc3 7. Bxc3 Ne4 8. Rc1 Nxc3 9. Rxc3 d6 10. d5 Nb8 11. dxe6 fxe6 12. Nd4 0-0 13. Bg2 c6 14. 0-0 Na6 15. Nc2 e5 16. Qd2 Be6 17. Ne3 Rad8 18. Rd3 Nc5 19. Ra3 a6 20. b4 Nd7 21. Rd3 Nb6 22. Qc3 Qf6 23. b5 Na4 24. Qd2 axb5 25. cxb5 d5 26. bxc6 bxc6 27. Qc2 e4 28. Bxe4 Nb2 29. Bxh7+ Kh8 30. Rd2 Bh3 31. Qxb2 Qxb2 32. Rxb2 Bxf1 33. Bd3 Bh3 34. Rb4 g5 35. Rb7 Rd7 36. Rb6 Rf6 37. g4 d4 38. Rb8+ Kg7 39. Nf5+ Kf7 40. f3 Ke6 41. Rh8 Bxg4 42. fxg4 Kd5 43. Rg8 Ra7 44. Rxg5 Rxa2 45. Ng3+ 1-0

[Event "Florianopolis Ribeiro Neto Memorial"]
[Site "Florianopolis"]
[Date "2016.10.02"]
[Round "6.3"]
[White "De Carvalho, Christopher"]
[Black "Pomar, Marcelo Nascimento"]
[Result "1-0"]
[WhiteElo "2042"]
[BlackElo "2059"]
[PlyCount "71"]
[EventDate "2016.09.30"]
[EventType "swiss"]
[EventRounds "6"]
[EventCountry "BRA"]
[SourceTitle "EXT 2022"]
[Source "ChessBase"]
[SourceDate "2021.10.06"]
[SourceVersion "1"]
[SourceVersionDate "2021.10.06"]
[SourceQuality "1"]

1. d4 Nf6 2. Nf3 e6 3. g3 b5 4. a4 b4 5. Bg2 Bb7 6. 0-0 c5 7. Nbd2 d5 8. Ne5 Bd6 9. Ndc4 Be7 10. dxc5 Bxc5 11. a5 Na6 12. Nd3 Be7 13. Nce5 Qc7 14. Bf4 Bd6 15. c4 g5 16. Qa4+ Ke7 17. c5 Nxc5 18. Nxc5 gxf4 19. Nxb7 Qxb7 20. Nc6+ Kf8 21. gxf4 Rg8 22. Kh1 Rc8 23. Nd4 Bxf4 24. Nb5 Qe7 25. Nxa7 Rc4 26. b3 Ne4 27. bxc4 Qh4 28. h3 Ng3+ 29. fxg3 Qxg3 30. Qxb4+ Bd6 31. Qxd6+ Qxd6 32. cxd5 Qg3 33. Rg1 exd5 34. Nb5 Rg5 35. a6 Rh5 36. Ra3 1-0